00518nam a2200157 4500001000700000003000900007005001700016007000300033008004100036100003900077245013300116260003200249490002800281830002800309852002300337127848ES-MaACL20230906193112.0t|070214s1918 sp r ||||1| spa d1 aRivellés e Ibáñez, Federico.10aPor no vacunarse b: narración de Higiene para niños : premiada en el concurso de 1917 / cFederico Rivellés e Ibáñez. aMadrid : b[s. n.], c1918.1 aBiblioteca pro infantia0 aBiblioteca pro infantia aES-MaACLj1559-F-8